[Event "GER-ch Seniors 50"]
[Site "Hamburg"]
[Date "2018.07.25"]
[Round "5"]
[White "Kindermann, Ilona"]
[Black "Weis, Hans Juergen"]
[Result "1/2-1/2"]
[WhiteElo "1383"]
[BlackElo "1545"]
[PlyCount "134"]
[EventDate "2018.07.21"]
[EventType "swiss"]
[EventRounds "9"]
[EventCountry "GER"]
[SourceTitle "CBM 186 Extra"]
[Source "ChessBase"]
[SourceDate "2018.08.24"]
[SourceVersion "1"]
[SourceVersionDate "2018.08.24"]
[SourceQuality "1"]

1. d4 d5 2. Nf3 e6 3. Bf4 Nc6 4. e3 Be7 5. Bd3 Nf6 6. Nbd2 0-0 7. 0-0 Nb4 8. a3 Nxd3 9. cxd3 b6 10. Rc1 c5 11. dxc5 bxc5 12. Re1 Bb7 13. Ne5 Rc8 14. Nb3 Nd7 15. Nxd7 Qxd7 16. Qg4 f5 17. Qe2 Qb5 18. Na1 Qc6 19. f3 Ba6 20. Qd2 Bf6 21. d4 c4 22. Rc3 Qa4 23. Bd6 Rfd8 24. Bb4 Rd7 25. b3 Qb5 26. bxc4 dxc4 27. Qf2 Qd5 28. Rcc1 f4 29. Nc2 fxe3 30. Qxe3 Re8 31. Qe4 Bxd4+ 32. Nxd4 Qxd4+ 33. Qxd4 Rxd4 34. Bc5 Rd7 35. f4 Kf7 36. Re5 Red8 37. Ree1 Bb5 38. Bb4 Rd4 39. g3 g6 40. Bc5 Rd3 41. Bxa7 Rxa3 42. Bc5 Ra2 43. Be3 Rd3 44. Rb1 Bc6 45. Rbc1 Rg2+ 46. Kf1 c3 47. Re2 c2 48. Rexc2 Rxc2 49. Rxc2 Rd6 50. Rd2 Bb5+ 51. Kf2 Rd5 52. g4 h6 53. h3 Bc6 54. Kg3 g5 55. Rxd5 gxf4+ 56. Bxf4 Bxd5 57. Bxh6 Kg6 58. Bd2 e5 59. h4 Bg8 60. h5+ Kh7 61. g5 Bf7 62. h6 Kg6 63. Kf3 Bg8 64. Ke4 Bh7 65. Kxe5 Kf7 66. Kf4 Bd3 67. Kg4 Bh7 1/2-1/2

[Event "GER-ch Seniors 50"]
[Site "Hamburg"]
[Date "2018.07.24"]
[Round "4"]
[White "Weis, Hans Juergen"]
[Black "Fuhrmann, Frederik"]
[Result "1/2-1/2"]
[WhiteElo "1545"]
[BlackElo "1550"]
[PlyCount "50"]
[EventDate "2018.07.21"]
[EventType "swiss"]
[EventRounds "9"]
[EventCountry "GER"]
[SourceTitle "CBM 186 Extra"]
[Source "ChessBase"]
[SourceDate "2018.08.24"]
[SourceVersion "1"]
[SourceVersionDate "2018.08.24"]
[SourceQuality "1"]

1. d4 Nf6 2. c4 g6 3. Nc3 Bg7 4. Nf3 0-0 5. e4 d6 6. Be2 c5 7. 0-0 cxd4 8. Nxd4 Nc6 9. Be3 a6 10. Rc1 Re8 11. a3 Bd7 12. f3 Nxd4 13. Bxd4 Bh6 14. f4 e5 15. Be3 Bc6 16. Qd3 Nxe4 17. f5 Bxe3+ 18. Qxe3 Nxc3 19. Rxc3 Qf6 20. Qh6 Qg7 21. Qxg7+ Kxg7 22. f6+ Kg8 23. Rg3 Be4 24. h4 h5 25. Bxh5 Kh7 1/2-1/2

[Event "Hamburg-chA"]
[Site "Hamburg"]
[Date "2018.05.19"]
[Round "1"]
[White "Sharma, Rishi"]
[Black "Weis, Hans Juergen"]
[Result "1-0"]
[WhiteElo "1769"]
[BlackElo "1536"]
[PlyCount "95"]
[EventDate "2018.05.19"]
[EventType "swiss"]
[EventRounds "7"]
[EventCountry "GER"]
[SourceTitle "EXT 2020"]
[Source "ChessBase"]
[SourceDate "2019.10.17"]
[SourceVersion "1"]
[SourceVersionDate "2019.10.17"]
[SourceQuality "1"]

1. Nf3 Nc6 2. e4 e6 3. d4 d5 4. Nbd2 Be7 5. c3 Nf6 6. e5 Ne4 7. Nxe4 dxe4 8. Nd2 Nxd4 9. cxd4 Qxd4 10. Qg4 Qxe5 11. Qxe4 Qxe4+ 12. Nxe4 f5 13. Ng5 h6 14. Nf3 Bf6 15. Bc4 Kf7 16. 0-0 c6 17. Rd1 b5 18. Bb3 a5 19. a4 b4 20. Nd4 c5 21. Nxf5 Ba6 22. Rd7+ Kg6 23. Bxe6 Rhe8 24. Nxg7 Bxg7 25. Bf7+ Kf6 26. Bxe8 Rxe8 27. Rd6+ Kf7 28. Bxh6 Bxb2 29. Rad1 Be2 30. Re1 Be5 31. Rd7+ Kg6 32. Rxe2 Kxh6 33. f4 Bd4+ 34. Kf1 Rf8 35. g3 b3 36. h3 b2 37. Re6+ Rf6 38. Rxf6+ Bxf6 39. Rb7 c4 40. Ke2 c3 41. Kd1 Kg6 42. g4 Bd4 43. Kc2 Kf6 44. Rb5 Kf7 45. Rxa5 Be3 46. Rb5 Bd2 47. a5 Bxf4 48. Rf5+ 1-0

[Event "Arber op 6th"]
[Site "Bodenmais"]
[Date "2017.08.04"]
[Round "7"]
[White "Bergmann, Reiner"]
[Black "Weis, Hans Juergen"]
[Result "1-0"]
[WhiteElo "1823"]
[BlackElo "1555"]
[PlyCount "69"]
[EventDate "2017.07.29"]
[EventType "swiss"]
[EventRounds "9"]
[EventCountry "GER"]
[SourceTitle "CBM 179 Extra"]
[Source "ChessBase"]
[SourceDate "2017.08.23"]
[SourceVersion "1"]
[SourceVersionDate "2017.08.23"]
[SourceQuality "1"]

1. e4 Nc6 2. Nf3 e6 3. d4 d5 4. e5 Be7 5. Be3 h6 6. Be2 b6 7. Nbd2 Bb7 8. c3 Qd7 9. Qc2 f5 10. exf6 Bxf6 11. 0-0-0 0-0-0 12. g4 g5 13. h4 Qg7 14. hxg5 hxg5 15. Rxh8 Qxh8 16. Nxg5 Bxg5 17. Bxg5 Nf6 18. Qg6 Rf8 19. f4 Ne7 20. Qh6 Qxh6 21. Bxh6 Rf7 22. Rf1 Neg8 23. Bg5 Ne4 24. Nxe4 dxe4 25. Rh1 Kd7 26. Bb5+ c6 27. Bc4 b5 28. Bb3 Bc8 29. f5 Kd6 30. Rh8 e3 31. Rxg8 e2 32. Kd2 Bd7 33. Bxe6 e1Q+ 34. Kxe1 Bxe6 35. Rg6 1-0

[Event "Hamburg-chA"]
[Site "Hamburg"]
[Date "2017.06.11"]
[Round "7"]
[White "Weis, Hans Juergen"]
[Black "Raedisch, Peter"]
[Result "0-1"]
[WhiteElo "1543"]
[BlackElo "1637"]
[PlyCount "146"]
[EventDate "2017.06.03"]
[EventType "swiss"]
[EventRounds "7"]
[EventCountry "GER"]
[SourceTitle "CBM 179 Extra"]
[Source "ChessBase"]
[SourceDate "2017.08.23"]
[SourceVersion "1"]
[SourceVersionDate "2017.08.23"]
[SourceQuality "1"]

1. d4 d5 2. c4 dxc4 3. e3 c6 4. Bxc4 Bf5 5. Nc3 e6 6. e4 Bg6 7. Nf3 h6 8. Ne5 Bh7 9. Qf3 Nf6 10. 0-0 Qxd4 11. Bf4 Bxe4 12. Nxe4 Qxe4 13. Rfe1 Qxf3 14. gxf3 Nd5 15. Bxd5 cxd5 16. Rac1 Na6 17. Nd3 Be7 18. Kh1 0-0 19. Rg1 Kh7 20. a3 Rac8 21. b4 f6 22. Be3 b6 23. Nf4 Nc7 24. Rxc7 Rxc7 25. Nxe6 Bd6 26. Nxc7 Bxc7 27. Rd1 Rd8 28. Bd4 Kg6 29. Rg1+ Kf7 30. Rc1 Rd7 31. a4 Be5 32. Be3 Ke6 33. f4 Bc7 34. Kg2 Kf5 35. Kf3 Bd6 36. b5 Bb4 37. Rd1 Ke6 38. Rc1 d4 39. Rc6+ Kd5 40. Bc1 Bc5 41. f5 Re7 42. Bd2 d3 43. Re6 Rxe6 44. fxe6 Kxe6 45. Ke4 Bxf2 46. Kxd3 Kd5 47. Bb4 Bc5 48. Bc3 h5 49. h3 Bd6 50. Bd4 Ke6 51. Ke4 g5 52. Bc3 f5+ 53. Kf3 g4+ 54. hxg4 hxg4+ 55. Kg2 Kd5 56. a5 Kc5 57. axb6 axb6 58. Bb2 Kxb5 59. Bd4 Kc6 60. Bb2 b5 61. Kf2 b4 62. Kg2 Kd5 63. Kf2 Kc4 64. Ke3 f4+ 65. Kf2 Kb3 66. Bf6 Kc2 67. Ke2 b3 68. Bd4 b2 69. Bxb2 Kxb2 70. Ke1 Bc5 71. Kf1 Kc2 72. Ke2 f3+ 73. Ke1 g3 0-1

[Event "Hamburg-chA"]
[Site "Hamburg"]
[Date "2017.06.10"]
[Round "6"]
[White "Priess, Holger"]
[Black "Weis, Hans Juergen"]
[Result "1-0"]
[WhiteElo "1630"]
[BlackElo "1543"]
[PlyCount "107"]
[EventDate "2017.06.03"]
[EventType "swiss"]
[EventRounds "7"]
[EventCountry "GER"]
[SourceTitle "CBM 179 Extra"]
[Source "ChessBase"]
[SourceDate "2017.08.23"]
[SourceVersion "1"]
[SourceVersionDate "2017.08.23"]
[SourceQuality "1"]

1. e4 e5 2. Nf3 Nc6 3. Bc4 Be7 4. c3 Nf6 5. d4 d5 6. dxe5 dxc4 7. Qxd8+ Bxd8 8. exf6 Bxf6 9. Bf4 Bg4 10. Bxc7 0-0 11. Nbd2 Bxf3 12. Nxf3 Rfe8 13. Nd2 b5 14. Rd1 a5 15. 0-0 Ra7 16. Bg3 a4 17. a3 h6 18. f4 Bd8 19. Bf2 Rb7 20. e5 Ne7 21. Ne4 Nc8 22. Nd6 Nxd6 23. Rxd6 Bc7 24. Rd5 Bb6 25. Bxb6 Rxb6 26. Rfd1 Kf8 27. Rd7 g6 28. Kf2 Re7 29. Rd8+ Re8 30. Rxe8+ Kxe8 31. Rd5 Ke7 32. Ke3 Ke6 33. Kd4 Kf5 34. Rd6 Rb7 35. Ke3 Kg4 36. Ke4 Re7 37. Rb6 f5+ 38. Ke3 Rd7 39. Rxg6+ Kh5 40. Rd6 Re7 41. h3 Rg7 42. Kf3 Rh7 43. Rf6 Rh8 44. Rxf5+ Kg6 45. Rf6+ Kg7 46. Rb6 Rd8 47. Rxb5 Rd3+ 48. Kg4 h5+ 49. Kf5 Rd8 50. e6 Rf8+ 51. Kg5 h4 52. f5 Rg8 53. Rb7+ Kf8+ 54. Kf6 1-0

[Event "Hamburg-chA"]
[Site "Hamburg"]
[Date "2017.06.06"]
[Round "4"]
[White "Weis, Hans Juergen"]
[Black "Grotrian, Peter"]
[Result "1-0"]
[WhiteElo "1543"]
[BlackElo "1579"]
[PlyCount "57"]
[EventDate "2017.06.03"]
[EventType "swiss"]
[EventRounds "7"]
[EventCountry "GER"]
[SourceTitle "CBM 179 Extra"]
[Source "ChessBase"]
[SourceDate "2017.08.23"]
[SourceVersion "1"]
[SourceVersionDate "2017.08.23"]
[SourceQuality "1"]

1. d4 e6 2. c4 f5 3. Nf3 Nf6 4. Nc3 Bb4 5. Bd2 0-0 6. e3 b6 7. Bd3 Bb7 8. a3 Bxc3 9. Bxc3 d6 10. 0-0 Nbd7 11. Re1 Ne4 12. d5 Nxc3 13. bxc3 e5 14. e4 f4 15. a4 a5 16. Be2 Nc5 17. Nd2 Qh4 18. Nf3 Qh6 19. Bd3 Kh8 20. Bc2 Rg8 21. h3 g5 22. Nh2 Raf8 23. Ng4 Qh4 24. Qf3 Bc8 25. Bd1 h5 26. Nh2 g4 27. Qe2 f3 28. Qe3 gxh3 29. Qh6# 1-0

[Event "Hamburg-chA"]
[Site "Hamburg"]
[Date "2017.06.05"]
[Round "3"]
[White "Weis, Hans Juergen"]
[Black "Lotfifar, Azadeh"]
[Result "1/2-1/2"]
[WhiteElo "1543"]
[BlackElo "1649"]
[PlyCount "55"]
[EventDate "2017.06.03"]
[EventType "swiss"]
[EventRounds "7"]
[EventCountry "GER"]
[SourceTitle "CBM 179 Extra"]
[Source "ChessBase"]
[SourceDate "2017.08.23"]
[SourceVersion "1"]
[SourceVersionDate "2017.08.23"]
[SourceQuality "1"]

1. d4 d5 2. c4 dxc4 3. e3 Nf6 4. Bxc4 c6 5. Nf3 Bg4 6. Ne5 Bh5 7. 0-0 e6 8. Qb3 b5 9. Bd3 Bd6 10. f4 Qc7 11. Nd2 c5 12. Qxb5+ Nbd7 13. Qc6 Bxe5 14. Qxa8+ Qb8 15. Qxb8+ Bxb8 16. dxc5 Nxc5 17. Bb5+ Ke7 18. b3 a6 19. Bc4 Ba7 20. Ba3 Rd8 21. Bb4 Ke8 22. h3 Nd3 23. Bxd3 Bxe3+ 24. Kh1 Rxd3 25. Nc4 Bd4 26. Nd6+ Kd7 27. Rac1 Nd5 28. Ba3 1/2-1/2

[Event "Hamburg-ch Seniors 23rd"]
[Site "Hamburg"]
[Date "2016.11.09"]
[Round "8"]
[White "Weis, Hans Juergen"]
[Black "Krause, Werner"]
[Result "1/2-1/2"]
[WhiteElo "1552"]
[BlackElo "1657"]
[PlyCount "105"]
[EventDate "2016.11.02"]
[EventType "swiss"]
[EventRounds "9"]
[EventCountry "GER"]
[SourceTitle "EXT 2019"]
[Source "ChessBase"]
[SourceDate "2018.10.10"]
[SourceVersion "1"]
[SourceVersionDate "2018.10.10"]
[SourceQuality "1"]

1. d4 Nf6 2. c4 e6 3. Nc3 Bb4 4. Bd2 Bxc3 5. Bxc3 0-0 6. e3 d5 7. Nf3 b6 8. Be2 Nbd7 9. 0-0 Bb7 10. Ne5 Nxe5 11. dxe5 Ne4 12. Rc1 Nxc3 13. Rxc3 c5 14. f4 Qe7 15. b3 Rfd8 16. Qc2 Rd7 17. Rf3 Rad8 18. Rh3 g6 19. Rd3 dxc4 20. Rxd7 Qxd7 21. Bxc4 Qd1+ 22. Qxd1 Rxd1+ 23. Bf1 Be4 24. g4 Bd3 25. Rf3 Be2 26. Rf2 Bxg4 27. Kg2 Bf5 28. Kf3 Bd3 29. Bxd3 Rxd3 30. Rc2 a5 31. Ke2 Rd7 32. Rc4 Kg7 33. a3 h5 34. h4 f6 35. exf6+ Kxf6 36. Re4 b5 37. Re5 Rd5 38. Re4 Kf5 39. Kf3 e5 40. fxe5 Rxe5 41. Rf4+ Ke6 42. Ke2 Kd5 43. Kf3 c4 44. Rd4+ Kc5 45. bxc4 bxc4 46. Rd8 Re6 47. e4 Kb5 48. Ke3 Ka4 49. Rc8 Kb3 50. a4 Rb6 51. e5 Kc3 52. Rc5 Kb4 53. Kd4 1/2-1/2

[Event "Hamburg-ch Seniors 23rd"]
[Site "Hamburg"]
[Date "2016.11.05"]
[Round "4"]
[White "Graffenberger, Marianne"]
[Black "Weis, Hans Juergen"]
[Result "0-1"]
[WhiteElo "1464"]
[BlackElo "1552"]
[PlyCount "74"]
[EventDate "2016.11.02"]
[EventType "swiss"]
[EventRounds "9"]
[EventCountry "GER"]
[SourceTitle "EXT 2019"]
[Source "ChessBase"]
[SourceDate "2018.10.10"]
[SourceVersion "1"]
[SourceVersionDate "2018.10.10"]
[SourceQuality "1"]

1. e4 e5 2. Nf3 Nc6 3. d4 exd4 4. Nxd4 Bc5 5. Be3 Bxd4 6. Bxd4 Nf6 7. Nc3 0-0 8. Be2 Re8 9. Qd3 Nb4 10. Qd1 d6 11. 0-0 Nxe4 12. Nxe4 Rxe4 13. c3 Nc6 14. Bd3 Rh4 15. Be2 Qg5 16. Bf3 Nxd4 17. cxd4 Qh6 18. Re1 Bd7 19. Qc1 Rxh2 20. Qxh6 Rxh6 21. Re7 Rd8 22. Rae1 Re6 23. R7xe6 Bxe6 24. d5 Bd7 25. a3 Kf8 26. b4 a6 27. Rc1 Rc8 28. Rc3 c6 29. dxc6 bxc6 30. Rd3 Ke7 31. Re3+ Be6 32. Be2 Ra8 33. a4 d5 34. Rc3 Kd6 35. Rc5 Kc7 36. Ra5 Kb6 37. Rc5 a5 0-1

[Event "Hamburg-ch cand"]
[Site "Hamburg"]
[Date "2016.05.20"]
[Round "7"]
[White "Weis, Hans Juergen"]
[Black "Schmuck, Martin"]
[Result "0-1"]
[WhiteElo "1570"]
[BlackElo "1931"]
[PlyCount "88"]
[EventDate "2016.05.14"]
[EventType "swiss"]
[EventRounds "9"]
[EventCountry "GER"]
[SourceTitle "EXT 2018"]
[Source "ChessBase"]
[SourceDate "2017.10.13"]
[SourceVersion "1"]
[SourceVersionDate "2017.10.13"]
[SourceQuality "1"]

1. d4 d5 2. c4 e6 3. e3 Nf6 4. Nc3 Nbd7 5. Nf3 Ne4 6. cxd5 Nxc3 7. bxc3 exd5 8. Be2 Bd6 9. Qc2 Nf6 10. c4 c6 11. c5 Bc7 12. Bd3 Qe7 13. Nh4 Ne4 14. Nf3 0-0 15. Bxe4 dxe4 16. Nd2 f5 17. f4 Qh4+ 18. g3 Qh3 19. Qc4+ Kh8 20. Qf1 Qxf1+ 21. Kxf1 Be6 22. Ke2 Ba5 23. Nb3 Bc4+ 24. Kd1 Bc3 25. Kc2 Bxa1 26. Nxa1 Bxa2 27. Kc3 b5 28. Nc2 a5 29. Bd2 b4+ 30. Kb2 Bc4 31. Ra1 Rfb8 32. Be1 Bd3 33. Rc1 Kg8 34. Na1 Kf7 35. Nb3 a4 36. Nd2 a3+ 37. Ka2 Ke6 38. Nb3 Kd5 39. Ka1 Rb7 40. Ka2 Bc4 41. Rxc4 Kxc4 42. Nd2+ Kd3 43. Nb3 Kxe3 44. Bd2+ Kd3 0-1

[Event "Hamburg-ch A-Klasse"]
[Site "Hamburg"]
[Date "2015.05.30"]
[Round "6"]
[White "Chaichi Tehrani, Fereydoon"]
[Black "Weis, Hans Juergen"]
[Result "0-1"]
[WhiteElo "1525"]
[BlackElo "1582"]
[PlyCount "80"]
[EventDate "2015.05.23"]
[EventType "swiss"]
[EventRounds "7"]
[EventCountry "GER"]
[SourceTitle "EXT 2022"]
[Source "ChessBase"]
[SourceDate "2021.10.06"]
[SourceVersion "1"]
[SourceVersionDate "2021.10.06"]
[SourceQuality "1"]

1. e4 e6 2. c3 Nc6 3. g3 Nf6 4. e5 Nxe5 5. Bg2 d5 6. d4 Ng6 7. Ne2 Bd6 8. b4 Bd7 9. Bg5 h6 10. Bxf6 Qxf6 11. a4 a5 12. bxa5 Rxa5 13. Qb3 b6 14. Nd2 0-0 15. 0-0 Rb8 16. f4 Ne7 17. Nf3 Nf5 18. Ne5 Qe7 19. Bh3 Ne3 20. Rf3 Bxe5 21. Rxe3 Bd6 22. c4 c6 23. cxd5 Rxd5 24. Bg2 Ra5 25. d5 Bc5 26. dxe6 Bxe3+ 27. Qxe3 fxe6 28. f5 Rxf5 29. Nd4 Qf6 30. Re1 Ra5 31. Bxc6 Rd8 32. Bxd7 Rxd7 33. Nxe6 Rxa4 34. Qxb6 Ra2 35. Qb8+ Kf7 36. Qf8+ Kg6 37. Nf4+ Kh7 38. Qb8 Qd4+ 39. Kh1 Qe4+ 40. Rxe4 Rd1+ 0-1

[Event "Hamburg-ch A-Klasse"]
[Site "Hamburg"]
[Date "2015.05.25"]
[Round "3"]
[White "Weis, Hans Juergen"]
[Black "Taperla, Emer"]
[Result "1-0"]
[WhiteElo "1582"]
[BlackElo "1603"]
[PlyCount "89"]
[EventDate "2015.05.23"]
[EventType "swiss"]
[EventRounds "7"]
[EventCountry "GER"]
[SourceTitle "EXT 2022"]
[Source "ChessBase"]
[SourceDate "2021.10.06"]
[SourceVersion "1"]
[SourceVersionDate "2021.10.06"]
[SourceQuality "1"]

1. d4 d5 2. c4 Nf6 3. e3 e6 4. Nc3 b6 5. Nf3 Bd6 6. cxd5 exd5 7. Bd3 Bg4 8. h3 Be6 9. Ng5 Bd7 10. 0-0 h6 11. Nf3 Be6 12. e4 dxe4 13. Bxe4 c6 14. Re1 0-0 15. Bd2 Re8 16. Qc1 Nxe4 17. Rxe4 Qf6 18. Bf4 Bxf4 19. Rxf4 Qg6 20. Ne5 Qh5 21. Ne4 c5 22. Ng3 Qg5 23. Ne4 Qe7 24. dxc5 Na6 25. Rf3 Bd5 26. Nf6+ Kh8 27. Rf5 Be6 28. Rf3 Nxc5 29. Nh5 Ne4 30. Qf4 Ng5 31. Rg3 Bd5 32. h4 Qxe5 33. hxg5 g6 34. Qf6+ Kh7 35. gxh6 Rad8 36. Re3 Be4 37. Rxe4 Qxf6 38. Nxf6+ Kxh6 39. Rxe8 Rd2 40. Rb1 a5 41. Re7 Kg7 42. Ng4 a4 43. Rb7 Rd6 44. Rc1 g5 45. Rcc7 1-0

[Event "Hamburg-ch A-Klasse"]
[Site "Hamburg"]
[Date "2015.05.24"]
[Round "2"]
[White "Hildebrandt, Alexander"]
[Black "Weis, Hans Juergen"]
[Result "1-0"]
[WhiteElo "1580"]
[BlackElo "1582"]
[PlyCount "95"]
[EventDate "2015.05.23"]
[EventType "swiss"]
[EventRounds "7"]
[EventCountry "GER"]
[SourceTitle "EXT 2022"]
[Source "ChessBase"]
[SourceDate "2021.10.06"]
[SourceVersion "1"]
[SourceVersionDate "2021.10.06"]
[SourceQuality "1"]

1. e4 d5 2. exd5 Qxd5 3. Nc3 Qa5 4. d4 c6 5. Nf3 e6 6. Bd2 Be7 7. Bd3 Nf6 8. 0-0 Nbd7 9. a3 Qc7 10. Ne2 0-0 11. c3 e5 12. dxe5 Nxe5 13. Nxe5 Qxe5 14. Bf4 Qh5 15. Ng3 Qxd1 16. Raxd1 Be6 17. b4 Rad8 18. Nf5 Bxf5 19. Bxf5 Nd5 20. Be5 g6 21. Be4 f6 22. Bd4 b6 23. c4 Nf4 24. Rfe1 c5 25. Be3 Ne2+ 26. Kf1 Rxd1 27. Rxd1 Nc3 28. Rd7 Rd8 29. Rxd8+ Bxd8 30. Bc2 Be7 31. b5 Bd6 32. f4 f5 33. Kf2 Kf7 34. Bd2 Ne4+ 35. Bxe4 fxe4 36. Ke3 h5 37. Kxe4 Ke6 38. h3 Bc7 39. g4 hxg4 40. hxg4 Bd6 41. Bc3 Kd7 42. Be5 Be7 43. Kd5 Bd8 44. g5 Be7 45. Bb8 Kc8 46. Ke6 Bd8 47. Be5 Kb7 48. Kd7 1-0

[Event "Hamburg-ch A-Klasse"]
[Site "Hamburg"]
[Date "2015.05.23"]
[Round "1"]
[White "Weis, Hans Juergen"]
[Black "Kock, Rudolf"]
[Result "1-0"]
[WhiteElo "1582"]
[BlackElo "1648"]
[PlyCount "70"]
[EventDate "2015.05.23"]
[EventType "swiss"]
[EventRounds "7"]
[EventCountry "GER"]
[SourceTitle "EXT 2022"]
[Source "ChessBase"]
[SourceDate "2021.10.06"]
[SourceVersion "1"]
[SourceVersionDate "2021.10.06"]
[SourceQuality "1"]

1. d4 e6 2. c4 Nf6 3. Nc3 Bb4 4. Bd2 b6 5. e3 Bb7 6. Nf3 a6 7. Bd3 0-0 8. a3 Bxc3 9. Bxc3 a5 10. 0-0 Ne4 11. Bxe4 Bxe4 12. d5 d6 13. Qd4 e5 14. Qxe4 f5 15. Qh4 h6 16. h3 Nd7 17. Qxd8 Raxd8 18. b4 a4 19. Rae1 g5 20. g4 fxg4 21. Nd2 gxh3 22. Kh2 Rde8 23. Kxh3 Nf6 24. f3 Kf7 25. Ne4 Kg6 26. Nd2 h5 27. Rg1 Rh8 28. Re2 g4+ 29. Kh4 Kf7 30. Rf2 Reg8 31. f4 e4 32. Bxf6 Kxf6 33. Nxe4+ Kf5 34. Ng3+ Kf6 35. e4 Rg7 1-0

[Event "Niedersachsen-ch op-B"]
[Site "Verden"]
[Date "2015.01.04"]
[Round "5"]
[White "Diderle, Konstantin"]
[Black "Weis, Hans Juergen"]
[Result "1-0"]
[WhiteElo "1486"]
[BlackElo "1589"]
[PlyCount "57"]
[EventDate "2015.01.02"]
[EventType "swiss"]
[EventRounds "7"]
[EventCountry "GER"]
[SourceTitle "EXT 2018"]
[Source "ChessBase"]
[SourceDate "2017.10.13"]
[SourceVersion "1"]
[SourceVersionDate "2017.10.13"]
[SourceQuality "1"]

1. e4 e6 2. d4 d5 3. Nc3 Bb4 4. e5 c5 5. f4 Nc6 6. Nf3 c4 7. Be2 Nge7 8. g4 Qb6 9. 0-0 Bd7 10. Na4 Qa5 11. c3 Nxd4 12. Nxd4 Bxa4 13. cxb4 Qxb4 14. Bd2 Bxd1 15. Bxb4 Bxe2 16. Nxe2 Nc6 17. Bc3 b5 18. a3 a5 19. Nd4 Nxd4 20. Bxd4 Kd7 21. f5 Rhg8 22. Rf3 Ra6 23. Raf1 Rc6 24. fxe6+ Kxe6 25. Rxf7 Rcc8 26. Rb7 b4 27. axb4 axb4 28. Rff7 Rce8 29. Rfc7 1-0

[Event "Hamburg-chB"]
[Site "Hamburg"]
[Date "2014.06.15"]
[Round "7"]
[White "Weis, Hans Juergen"]
[Black "Leinemann, Vivien Sophie"]
[Result "0-1"]
[WhiteElo "1316"]
[BlackElo "1049"]
[PlyCount "94"]
[EventDate "2014.06.07"]
[EventType "swiss"]
[EventRounds "7"]
[EventCountry "GER"]
[SourceTitle "CBM 161 Extra"]
[Source "ChessBase"]
[SourceDate "2014.08.29"]
[SourceVersion "1"]
[SourceVersionDate "2014.08.29"]
[SourceQuality "1"]

1. d4 d5 2. c4 c6 3. Nc3 Bf5 4. e3 e6 5. c5 Nf6 6. Be2 Nbd7 7. Nf3 b6 8. b4 a5 9. Ba3 axb4 10. Bxb4 bxc5 11. dxc5 Nxc5 12. Bxc5 Bxc5 13. 0-0 0-0 14. Ne5 Qd6 15. Nf3 Bg4 16. Nd2 Bxe2 17. Nxe2 Ng4 18. Nf4 Bxe3 19. Qxg4 Qxf4 20. Qxf4 Bxf4 21. Nf3 Ra7 22. g3 Bd6 23. Rfc1 c5 24. Re1 Rfa8 25. Re2 Be7 26. Ne5 Bf6 27. f4 c4 28. Kf2 Bxe5 29. fxe5 Ra6 30. Ke3 f6 31. exf6 gxf6 32. Kd4 Kf7 33. g4 Ke7 34. Rb2 Kd6 35. Rab1 e5+ 36. Kc3 Ra3+ 37. Kc2 Rxa2 38. Kc1 Rxb2 39. Rxb2 Kc5 40. Rf2 Ra1+ 41. Kb2 Ra6 42. h4 h6 43. Kc3 d4+ 44. Kb2 c3+ 45. Kb3 Rb6+ 46. Ka3 Kc4 47. Re2 Rb3+ 0-1

[Event "Hamburg-chB"]
[Site "Hamburg"]
[Date "2014.06.13"]
[Round "5"]
[White "Weis, Hans Juergen"]
[Black "Stolzenwald, Frank"]
[Result "0-1"]
[WhiteElo "1316"]
[BlackElo "1574"]
[PlyCount "90"]
[EventDate "2014.06.07"]
[EventType "swiss"]
[EventRounds "7"]
[EventCountry "GER"]
[SourceTitle "CBM 161 Extra"]
[Source "ChessBase"]
[SourceDate "2014.08.29"]
[SourceVersion "1"]
[SourceVersionDate "2014.08.29"]
[SourceQuality "1"]

1. d4 Nf6 2. c4 c6 3. Nc3 g6 4. e4 d6 5. Be2 Bg7 6. Nf3 0-0 7. 0-0 a6 8. Bf4 Nh5 9. Be3 Bg4 10. Ne1 Bxe2 11. Nxe2 e5 12. d5 c5 13. Qd2 f5 14. f3 f4 15. Bf2 Nd7 16. Nc2 g5 17. g4 fxg3 18. Nxg3 Nxg3 19. Bxg3 h5 20. Qg2 Qf6 21. Ne3 Qg6 22. Bh4 Bh6 23. Be1 Kh7 24. h3 g4 25. Nf5 Rf6 26. hxg4 hxg4 27. fxg4 Rg8 28. Nxh6 Rxf1+ 29. Kxf1 Qxh6 30. Bd2 Qf6+ 31. Ke2 Qg6 32. Rh1+ Kg7 33. Bh6+ Kf7 34. Rf1+ Ke7 35. g5 Rh8 36. Qh1 b5 37. b3 bxc4 38. bxc4 Rb8 39. Kd3 Rb4 40. Qf3 Ra4 41. Qf5 Qh5 42. Qe6+ Kd8 43. Qf5 Ra3+ 44. Kd2 Rxa2+ 45. Kc1 Qe2 0-1

[Event "Niedersachsen-ch op-B"]
[Site "Verden"]
[Date "2012.01.03"]
[Round "3"]
[White "Harms, Friedjof"]
[Black "Weis, Hans Juergen"]
[Result "1-0"]
[WhiteElo "1712"]
[BlackElo "1564"]
[PlyCount "163"]
[EventDate "2012.01.02"]
[EventType "swiss"]
[EventRounds "7"]
[EventCountry "GER"]
[SourceTitle "EXT 2021"]
[Source "ChessBase"]
[SourceDate "2020.10.23"]
[SourceVersion "1"]
[SourceVersionDate "2020.10.23"]
[SourceQuality "1"]

1. e4 e5 2. Nf3 Nc6 3. Bb5 d6 4. h3 Bd7 5. 0-0 Be7 6. c3 Nf6 7. d3 h6 8. Be3 Nh7 9. Nbd2 Ng5 10. Nh2 Qc8 11. Ndf3 Bxh3 12. gxh3 Qxh3 13. Kh1 0-0-0 14. Bxc6 bxc6 15. Rg1 Rdf8 16. Nxg5 hxg5 17. Qg4+ f5 18. Qxh3 Rxh3 19. exf5 Rfh8 20. Rg2 g4 21. Rc1 Bh4 22. d4 g3 23. fxg3 Bxg3 24. Bg1 e4 25. Rcc2 d5 26. Rce2 R8h5 27. Re3 Rg5 28. Bf2 Rxh2+ 29. Rxh2 Bxh2 30. Kxh2 Rxf5 31. Kg2 Kd7 32. Rg3 Rf7 33. Kf1 g5 34. Ke2 Rg7 35. Be3 g4 36. Bf4 Rg8 37. Ke3 a6 38. Be5 a5 39. a4 Rf8 40. Rxg4 Rf3+ 41. Ke2 Rf7 42. Bg3 Kc8 43. Rg5 Kb7 44. Bf2 Kb6 45. Rg6 Rf3 46. Rg3 Rf6 47. c4 Rf5 48. Rc3 Kb7 49. Bg3 Rf7 50. cxd5 cxd5 51. Rc5 c6 52. Rxa5 Rf3 53. Be1 Rb3 54. Bc3 Rb6 55. Ke3 Kb8 56. Rc5 Kb7 57. b4 Ra6 58. b5 Rxa4 59. Rxc6 Ra3 60. Kf4 Rb3 61. Rc5 Kb6 62. Ke5 e3 63. Kxd5 e2 64. Be1 Rb1 65. Bg3 e1Q 66. Bxe1 Rxe1 67. Kd6 Rh1 68. Re5 Rh4 69. d5 Kxb5 70. Kd7 Rh7+ 71. Re7 Rh6 72. Kc7 Kc5 73. Rd7 Rg6 74. d6 Rh6 75. Rd8 Rh7+ 76. d7 Rh6 77. Re8 Rc6+ 78. Kb7 Rb6+ 79. Ka7 Rb4 80. d8Q Ra4+ 81. Kb7 Rb4+ 82. Kc8 1-0

[Event "Niedersachsen-ch op-B"]
[Site "Verden"]
[Date "2012.01.02"]
[Round "1"]
[White "Finke, Harald"]
[Black "Weis, Hans Juergen"]
[Result "1-0"]
[WhiteElo "1994"]
[BlackElo "1564"]
[PlyCount "71"]
[EventDate "2012.01.02"]
[EventType "swiss"]
[EventRounds "7"]
[EventCountry "GER"]
[SourceTitle "EXT 2021"]
[Source "ChessBase"]
[SourceDate "2020.10.23"]
[SourceVersion "1"]
[SourceVersionDate "2020.10.23"]
[SourceQuality "1"]

1. d4 d5 2. Nf3 e6 3. e3 Nc6 4. c3 Be7 5. Bd3 Nf6 6. Nbd2 0-0 7. 0-0 Nd7 8. e4 dxe4 9. Nxe4 f5 10. Neg5 Nf6 11. Re1 Qd6 12. Qe2 Nd8 13. Bxf5 exf5 14. Qxe7 Qxe7 15. Rxe7 h6 16. Nh3 Nd5 17. Re1 Nf7 18. Nf4 Nxf4 19. Bxf4 c6 20. h4 Nd8 21. Bd6 Ne6 22. Bxf8 Kxf8 23. Ne5 Ke7 24. Nd3 Kf6 25. g3 b6 26. Ne5 c5 27. d5 Nf8 28. f4 Bb7 29. c4 Rd8 30. a4 a5 31. Re3 h5 32. Rae1 Rd6 33. Nf3 Bxd5 34. cxd5 Rxd5 35. Ng5 Rd6 36. Re8 1-0